000 00388nam a22001457a 4500
003 OSt
005 20240918104335.0
008 240918s2022 ag ||||| |||| 00| 0 spa d
020 _a9789877026023
040 _cbesoc
100 _aCalveiro, Pilar
_eAutor
245 _aDesaparición y Gubernamentalidad en México
_cPilar Calveiro
260 _aRosario:
_bUNR Editora
_c2022
942 _2udc
_cOG
_n0
999 _c331
_d331